[Event "4NCL Northern League Crewe"]
[Site ", "]
[Date "2011.01.15"]
[Round "3"]
[White "Whitfield, Craig M"]
[Black "Stuttard, David"]
[Result "0-1"]
[WhiteElo "1968"]
[BlackElo "1922"]
[PlyCount "64"]
[EventDate "2011.??.??"]

1. e4 e5 2. Nf3 Nf6 3. d4 d5 4. dxe5 Nxe4 5. Bd3 Bf5 6. O-O Nc6 7. Be3 Qe7 8.
Re1 Nxe5 9. Nxe5 Qxe5 10. Bd4 Qf4 11. g3 Qd6 12. f3 O-O-O 13. Kg2 Qb4 14. Bc3
Qc5 15. fxe4 dxe4 16. b4 Qd5 17. Be2 Qe6 18. Qc1 h5 19. Qe3 h4 20. Nd2 hxg3 21.
hxg3 Bd6 22. Nc4 Bxg3 23. Qxg3 Rh3 24. Qxg7 Rh6 25. Qe5 Qg6+ 26. Kf2 Qh7 27.
Bf1 Rg8 28. Ne3 Rh2+ 29. Bg2 Qh4+ 30. Ke2 Rhxg2+ 31. Nxg2 Qg4+ 32. Kd2 Qxg2+
0-1

[Event "4NCL Northern League Crewe"]
[Site ", "]
[Date "2011.01.15"]
[Round "3"]
[White "Driscoll, Mike"]
[Black "Armstrong, Malcolm J"]
[Result "0-1"]
[WhiteElo "1914"]
[BlackElo "1957"]
[PlyCount "78"]
[EventDate "2011.??.??"]

1. e4 c6 2. d4 d5 3. Nc3 dxe4 4. Nxe4 Bf5 5. Ng3 Bg6 6. Nf3 Nd7 7. h4 h6 8. h5
Bh7 9. Bd3 Bxd3 10. Qxd3 Qc7 11. Be3 Ngf6 12. O-O-O e6 13. Kb1 O-O-O 14. Ne4
Nxe4 15. Qxe4 Nf6 16. Qd3 Ng4 17. Qb3 Bd6 18. Rh4 Nxe3 19. fxe3 Be7 20. Rg4 Bf6
21. e4 Qa5 22. c3 Qxh5 23. Rg3 Rd7 24. Qc2 Rhd8 25. e5 Bg5 26. Qe4 c5 27. Rh3
Qg6 28. Qxg6 fxg6 29. Nxg5 hxg5 30. Rg3 cxd4 31. cxd4 Rxd4 32. Rc1+ {(=)} Kd7
33. Rxg5 Ke7 34. Rc7+ R8d7 35. Rxd7+ Rxd7 36. Rxg6 Kf7 37. Rg3 Rd5 38. Rf3+ Kg8
39. Re3 g6 {W lost on time} 0-1

[Event "4NCL Northern League Crewe"]
[Site ", "]
[Date "2011.01.15"]
[Round "3"]
[White "Acey, Gerald"]
[Black "Ackley, Peter J E"]
[Result "0-1"]
[WhiteElo "2090"]
[BlackElo "2023"]
[PlyCount "52"]
[EventDate "2011.??.??"]

1. Nf3 e6 2. g3 f5 3. Bg2 Nf6 4. c4 Be7 5. Nc3 O-O 6. O-O d6 7. b4 Qe8 8. Qb3
Qh5 9. d3 Nc6 10. Ba3 g5 11. b5 Nd8 12. Rac1 g4 13. Nd2 Nf7 14. e4 Qh6 15. Rcd1
f4 16. Bc1 Nh5 17. Rfe1 Bf6 18. Nf1 Bg5 19. f3 gxf3 20. Bxf3 Ne5 21. Bh1 f3 22.
Be3 Bd7 23. Bf2 Ng4 24. d4 Nxf2 25. Kxf2 Nxg3 26. Bxf3 Nxf1 0-1

[Event "4NCL Northern League Crewe"]
[Site ", "]
[Date "2011.01.15"]
[Round "3"]
[White "Armstrong, William G"]
[Black "Mort, Andrew J"]
[Result "1/2-1/2"]
[WhiteElo "1952"]
[BlackElo "1914"]
[PlyCount "41"]
[EventDate "2011.??.??"]

1. d4 d5 2. Nf3 e6 3. e3 f5 4. b3 Nf6 5. Bb2 Be7 6. Nbd2 O-O 7. c4 c6 8. Bd3
Ne4 9. O-O Nd7 10. Rc1 Qe8 11. Ne5 Nxe5 12. dxe5 b6 13. f3 Nxd2 14. Qxd2 Bb7
15. f4 Qd7 16. Be2 Rfd8 17. Rfd1 Rac8 18. Bf3 Qe8 19. Qc3 Qf8 20. a3 a5 21. a4
1/2-1/2

[Event "4NCL Northern League Crewe"]
[Site ", "]
[Date "2011.01.15"]
[Round "3"]
[White "Hopwood, Paul M"]
[Black "Murphy, James A"]
[Result "1/2-1/2"]
[WhiteElo "2130"]
[BlackElo "2106"]
[PlyCount "109"]
[EventDate "2011.??.??"]

1. e4 c5 2. Nf3 g6 3. d4 cxd4 4. Nxd4 Bg7 5. Nc3 Nc6 6. Be3 Nf6 7. Bc4 O-O 8.
O-O d6 9. h3 Na5 10. Bb3 b6 11. Qd3 Nd7 12. Rfd1 Nc5 13. Qd2 Naxb3 14. Nxb3 Bb7
15. f3 Qc8 16. Bh6 Nxb3 17. axb3 Qc5+ 18. Kh1 Bxh6 19. Qxh6 f5 20. Ra4 b5 21.
Rad4 b4 22. Nd5 Bxd5 23. Rxd5 Qxc2 24. Rc1 Qxb3 25. Rc7 Rf7 26. Ra5 fxe4 27.
Raxa7 Re8 28. fxe4 Qg3 29. Rc1 Rf2 30. Rg1 Rxb2 31. Qc1 Qc3 32. Qa1 Qc2 33. Ra8
Rxa8 34. Qxa8+ Kg7 35. e5 Rb1 36. exd6 Rxg1+ 37. Kxg1 Qd1+ 38. Kf2 Qxd6 39. Qb7
Qd4+ 40. Ke2 Kf6 41. Qc6+ e6 42. Qf3+ Ke5 43. Qf7 Qe4+ 44. Kd1 Qd4+ 45. Kc2
Qc3+ 46. Kb1 Qd3+ 47. Kb2 g5 48. Qc7+ Kf6 49. Qb7 Qc3+ 50. Kb1 b3 51. Qxh7 Qc2+
52. Qxc2 bxc2+ 53. Kxc2 Ke5 54. g3 Ke4 55. Kd2 1/2-1/2

[Event "4NCL Northern League Crewe"]
[Site ", "]
[Date "2011.01.15"]
[Round "3"]
[White "Correa Hernandez, Samuel"]
[Black "Mounce, Richard B"]
[Result "0-1"]
[WhiteElo "2025"]
[BlackElo "1914"]
[PlyCount "64"]
[EventDate "2011.??.??"]

1. c4 e5 2. Nc3 Nf6 3. Nf3 Nc6 4. g3 g6 5. Bg2 Bg7 6. O-O O-O 7. d4 exd4 8.
Nxd4 Nxd4 9. Qxd4 Re8 10. Qd3 d6 11. Rd1 Bf5 12. e4 Bg4 13. f3 Be6 14. Bg5 h6
15. Be3 Qe7 16. Rac1 Nd7 17. Qd2 Bxc4 18. b3 Be6 19. Nb5 Nc5 20. b4 a6 21. Nxc7
Qxc7 22. bxc5 dxc5 23. Rxc5 Qe7 24. Rdc1 Red8 25. Qc2 Rac8 26. f4 Rxc5 27. Bxc5
Bd4+ 28. Bxd4 Rxd4 29. f5 Rc4 30. Qxc4 Bxc4 31. Rxc4 gxf5 32. exf5 Qe3+ 0-1

[Event "4NCL Northern League Crewe"]
[Site ", "]
[Date "2011.01.15"]
[Round "3"]
[White "Flint, Martina"]
[Black "Norris, Michael J"]
[Result "1-0"]
[WhiteElo "1906"]
[BlackElo "1994"]
[PlyCount "65"]
[EventDate "2011.??.??"]

1. f4 e5 2. fxe5 d6 3. exd6 Bxd6 4. Nf3 Nf6 5. Nc3 O-O 6. e4 Re8 7. d3 h6 8.
Be3 Ng4 9. Qd2 c6 10. a3 Qc7 11. Bg1 Nd7 12. d4 Bf4 13. Qd3 h5 14. Ne2 Bd6 15.
e5 Bf8 16. h3 Nh6 17. O-O-O Nb6 18. Ng3 g6 19. Ng5 Nf5 20. N3e4 Bg7 21. g4 hxg4
22. hxg4 Nh6 23. Be2 Nxg4 24. Nd6 Nxe5 25. dxe5 Rxe5 26. Ngxf7 Bf5 27. Nxf5
Rxf5 28. Nh6+ Bxh6+ 29. Rxh6 Qg7 30. Be3 Kf8 31. Qd6+ Qe7 32. Rh8+ Kf7 33. Rh7+
1-0

[Event "4NCL Northern League Crewe"]
[Site ", "]
[Date "2011.01.15"]
[Round "3"]
[White "Pardoe, David"]
[Black "Cowan, Richard M"]
[Result "1/2-1/2"]
[WhiteElo "1898"]
[BlackElo "1897"]
[PlyCount "99"]
[EventDate "2011.??.??"]

1. d4 Nf6 2. c4 g6 3. Nc3 d5 4. Bf4 Bg7 5. e3 O-O 6. Nf3 c5 7. Be2 cxd4 8. Nxd4
Re8 9. Bxb8 Rxb8 10. Nb3 a5 11. O-O Ne4 12. Nxe4 dxe4 13. Qc2 Qc7 14. Rfd1 b5
15. Rac1 bxc4 16. Bxc4 Qe5 17. Nd4 Bg4 18. Rd2 Rec8 19. b3 h5 20. Ne2 h4 21.
Nc3 Rd8 22. Rxd8+ Rxd8 23. Nxe4 Bf5 24. f3 Bh6 25. Re1 h3 26. g4 Bxe4 27. fxe4
Qg5 28. Qe2 e6 29. a4 Qc5 30. Qf3 Rd2 31. Qxh3 Bf4 32. Re2 Rxe2 33. Bxe2 Bxe3+
34. Kg2 Qc1 35. Qf3 Qg1+ 36. Kh3 Bd4 37. Qf1 Qe3+ 38. Qf3 Qh6+ 39. Kg2 Be5 40.
h3 Qd2 41. h4 Qh6 42. Kh3 Qc1 43. Qf1 Qb2 44. Qf3 Bc3 45. Bc4 Kg7 46. h5 Be5
47. Be2 g5 48. h6+ Kxh6 49. Qxf7 Qxb3+ 50. Bf3 1/2-1/2

[Event "4NCL Northern League Crewe"]
[Site ", "]
[Date "2011.01.15"]
[Round "3"]
[White "Anderson, Paul W"]
[Black "Connor, Michael I"]
[Result "1/2-1/2"]
[WhiteElo "1834"]
[BlackElo "1858"]
[PlyCount "88"]
[EventDate "2011.??.??"]

1. e4 Nf6 2. Nc3 d5 3. exd5 Nxd5 4. Qf3 c6 5. Bc4 Be6 6. a3 g6 7. Nge2 Bg7 8.
Nxd5 Bxd5 9. Bxd5 cxd5 10. d4 Nc6 11. c3 e5 12. dxe5 Nxe5 13. Qg3 O-O 14. O-O
Re8 15. Nd4 Qb6 16. Rb1 Nc4 17. b3 Be5 18. Qd3 Bxd4 19. bxc4 Bxf2+ 20. Kh1 dxc4
21. Qc2 Qc5 22. Rxb7 f5 23. Bh6 Be3 24. Bxe3 Rxe3 25. Qa4 Qd5 26. Rxa7 Rxa7 27.
Qxa7 Qd3 28. Qb8+ Kf7 29. Rb1 Re7 30. Qb4 f4 31. Qb8 g5 32. Qb2 f3 33. gxf3
Qxf3+ 34. Qg2 Qxg2+ 35. Kxg2 Re2+ 36. Kg3 Rc2 37. Rf1+ Kg6 38. Rf3 Ra2 39. h4
h6 40. hxg5 hxg5 41. Kg4 Rxa3 42. Re3 Ra6 43. Re5 Ra3 44. Rxg5+ Kf6 1/2-1/2

[Event "4NCL Northern League Crewe"]
[Site ", "]
[Date "2011.01.15"]
[Round "3"]
[White "Bak, Andrew"]
[Black "Turner, John M"]
[Result "1/2-1/2"]
[WhiteElo "1946"]
[BlackElo "2071"]
[PlyCount "84"]
[EventDate "2011.??.??"]

1. e4 c5 2. Nf3 Nc6 3. d4 cxd4 4. Nxd4 e5 5. Nb5 d6 6. N1c3 a6 7. Na3 Be6 8.
Nd5 Nf6 9. Bg5 Bxd5 10. exd5 Qa5+ 11. c3 Qxd5 12. Bxf6 Qxd1+ 13. Rxd1 gxf6 14.
Nc4 Rd8 15. Ne3 Ne7 16. Bc4 Bh6 17. Nd5 Nxd5 18. Bxd5 Rd7 19. O-O Ke7 20. Be4
Bg7 21. Rd3 h5 22. Rfd1 h4 23. c4 Rhd8 24. c5 dxc5 25. Rxd7+ Rxd7 26. Rxd7+
Kxd7 27. Bxb7 a5 28. Bd5 Ke7 29. a4 f5 30. f3 f6 31. b3 Kd6 32. Bf7 c4 33. bxc4
Kc5 34. Bd5 Kb4 35. Bc6 Kxc4 36. Kf2 Kd4 37. h3 e4 38. fxe4 fxe4 39. Ke2 f5 40.
Bd7 f4 41. Bc6 Bf8 42. Bd7 Bb4 1/2-1/2

[Event "4NCL Northern Crewe"]
[Site ", "]
[Date "2011.01.16"]
[Round "4"]
[White "Woolley, Jos"]
[Black "Carleton, John J"]
[Result "1-0"]
[WhiteElo "2099"]
[BlackElo "2307"]
[PlyCount "71"]
[EventDate "2011.??.??"]

1. e4 Nf6 2. e5 Nd5 3. d4 d6 4. Nf3 dxe5 5. Nxe5 c6 6. Be2 Nd7 7. Nf3 g6 8. c4
Nc7 9. O-O Bg7 10. Nc3 O-O 11. Bf4 Ne6 12. Be3 Qc7 13. Re1 Rd8 14. Qb3 Nf6 15.
h3 b6 16. Bf1 Bb7 17. Rad1 Nh5 18. Rd2 Rd7 19. a4 Rad8 20. Red1 h6 21. Qa3 Kh7
22. b4 f5 23. d5 Nef4 24. g3 cxd5 25. gxf4 dxc4 26. Nb5 Rxd2 27. Rxd2 Qb8 28.
Rxd8 Qxd8 29. Be2 a6 30. Nbd4 Qd5 31. b5 axb5 32. Qxe7 c3 33. axb5 Qe4 34. Ne6
Qb1+ 35. Kh2 Bd5 36. Nxg7 1-0

[Event "4NCL Northern Crewe"]
[Site ", "]
[Date "2011.01.16"]
[Round "4"]
[White "Williams, Winston"]
[Black "Turner, John M"]
[Result "1/2-1/2"]
[WhiteElo "2220"]
[BlackElo "2071"]
[PlyCount "73"]
[EventDate "2011.??.??"]

1. f4 d5 2. Nf3 Nf6 3. g3 g6 4. Bg2 Bg7 5. O-O b6 6. d3 Bb7 7. a4 a5 8. c3 O-O
9. Na3 Nbd7 10. Bd2 Re8 11. Ne5 e6 12. b4 axb4 13. cxb4 Nxe5 14. fxe5 Nd7 15.
d4 f6 16. exf6 Bxf6 17. e3 e5 18. Qb3 exd4 19. Bxd5+ Bxd5 20. Qxd5+ Kg7 21. Nb5
Re5 22. Qc6 Rxb5 23. axb5 Rxa1 24. Rxa1 Ne5 25. Qe4 dxe3 26. Bc3 Nf3+ 27. Qxf3
Bxc3 28. Rd1 Qe7 29. Kf1 Bxb4 30. Rd3 Bc5 31. g4 Qe6 32. g5 Qc4 33. Qf6+ Kg8
34. Qd8+ Kg7 35. Qf6+ Kg8 36. Qd8+ Kf7 37. Qf6+ 1/2-1/2

[Event "4NCL Northern Crewe"]
[Site ", "]
[Date "2011.01.16"]
[Round "4"]
[White "Williamson, Roger G"]
[Black "Bak, Andrew"]
[Result "1/2-1/2"]
[WhiteElo "2187"]
[BlackElo "1946"]
[PlyCount "124"]
[EventDate "2011.??.??"]

1. e4 e5 2. Nf3 Nc6 3. Bb5 f5 4. d3 fxe4 5. dxe4 Nf6 6. O-O Bc5 7. Qd3 d6 8.
Qc4 Qe7 9. Nc3 Bd7 10. Nd5 Nxd5 11. exd5 Nd4 12. Nxd4 Bxd4 13. Be3 Bb6 14. a4
Bxb5 15. Qxb5+ Qd7 16. Ra3 c6 17. Qb3 c5 18. Qb5 Qxb5 19. axb5 Kd7 20. Rfa1 Kc7
21. Ra4 Rhf8 22. Rh4 h6 23. Rg4 Rf7 24. Re4 Kb8 25. Kf1 Bd8 26. c3 b6 27. Ke2
Rf5 28. f3 Bg5 29. Bf2 Kb7 30. Rea4 Rf4 31. Rxf4 Bxf4 32. Ra4 Bg5 33. Kd3 Rf8
34. Rg4 a6 35. bxa6+ Kxa6 36. Ra4+ Kb7 37. b3 Rf7 38. Bg1 Rf8 39. h3 Bf4 40. b4
Bg5 41. bxc5 bxc5 42. Ra1 Kb6 43. Rb1+ Kc7 44. Ra1 Kb6 45. Bf2 Re8 46. Be1 Rf8
47. Ra2 Re8 48. Rb2+ Kc7 49. Ke4 Rf8 50. g3 g6 51. Ra2 Kb6 52. c4 Rg8 53. Ba5+
Kb7 54. Rb2+ Kc8 55. h4 Bd8 56. Bd2 g5 57. h5 Rf8 58. Rb5 Rf7 59. f4 exf4 60.
gxf4 Kc7 61. Rb3 gxf4 62. Bxf4 Bg5 1/2-1/2

[Event "4NCL Northern Crewe"]
[Site ", "]
[Date "2011.01.16"]
[Round "4"]
[White "Ackley, Peter J E"]
[Black "Hopwood, Paul M"]
[Result "1/2-1/2"]
[WhiteElo "2024"]
[BlackElo "2130"]
[PlyCount "91"]
[EventDate "2011.??.??"]

1. c4 Nf6 2. g3 g6 3. Bg2 Bg7 4. Nc3 O-O 5. Rb1 a5 6. a3 e5 7. b4 axb4 8. axb4
Re8 9. d3 h6 10. e4 c6 11. Nge2 Na6 12. O-O Nc7 13. f4 d6 14. h3 h5 15. f5 gxf5
16. exf5 d5 17. Bg5 b6 18. b5 Qd6 19. bxc6 Qxc6 20. Qb3 Qc5+ 21. Kh2 Nh7 22.
Bd2 Ra3 23. Qxb6 Qxb6 24. Rxb6 dxc4 25. dxc4 Ba6 26. Rc6 Na8 27. Rb1 Nf6 28.
Bg5 Nd7 29. Rd6 Nc5 30. Nb5 Ra2 31. Nec3 Rc2 32. Rc1 Rb2 33. Rd2 Rxd2 34. Bxd2
Nb6 35. Be3 Nd3 36. Rd1 Nb2 37. Bxb6 Nxd1 38. Nxd1 Bxb5 39. cxb5 Rb8 40. Be3
Rxb5 41. Bf3 h4 42. gxh4 Rb4 43. h5 e4 44. Bg4 Be5+ 45. Kg2 Kg7 46. Kf2 1/2-1/2

[Event "4NCL Northern Crewe"]
[Site ", "]
[Date "2011.01.16"]
[Round "4"]
[White "Lang, Adam R"]
[Black "Hancock, Michael L"]
[Result "0-1"]
[WhiteElo "2050"]
[BlackElo "2098"]
[PlyCount "80"]
[EventDate "2011.??.??"]

1. g4 d5 2. h3 h5 3. g5 g6 4. Bg2 Bg7 5. d4 Nc6 6. Nf3 e6 7. Bf4 Nge7 8. c3 O-O
9. Nbd2 Nf5 10. h4 b6 11. Qc2 a5 12. O-O-O b5 13. e4 Nfe7 14. Ne5 b4 15. Ndf3
bxc3 16. bxc3 Rb8 17. Nxc6 Nxc6 18. Ne5 Qd6 19. Nd3 Qa3+ 20. Kd2 Ba6 21. Rb1
Bxd3 22. Qxd3 e5 23. exd5 exd4 24. dxc6 dxc3+ 25. Ke3 Rbd8 26. Qc4 c2+ 27. Rb3
Qxa2 28. Bd5 a4 29. Rd3 Qb1 30. Kd2 Rxd5 31. Qxd5 a3 32. Rc1 Bb2 33. Rxc2 a2
34. Be5 a1=Q 35. Rxb2 Qe1+ 36. Kc2 Qac1+ 37. Kb3 Rb8+ 38. Ka4 Qa1+ 39. Qa2
Qxa2+ 40. Rxa2 Qb4# 0-1

[Event "4NCL Northern Crewe"]
[Site ", "]
[Date "2011.01.16"]
[Round "4"]
[White "Clark, Robert"]
[Black "Molofej, Denis"]
[Result "0-1"]
[WhiteElo "2035"]
[BlackElo "2043"]
[PlyCount "116"]
[EventDate "2011.??.??"]

1. e4 c5 2. Nf3 d6 3. Bb5+ Nd7 4. c3 a6 5. Ba4 Ngf6 6. Qe2 g6 7. O-O Bg7 8. d4
O-O 9. e5 dxe5 10. dxe5 Nd5 11. e6 N7b6 12. exf7+ Rxf7 13. Bb3 c4 14. Bxc4 Nxc4
15. Qxc4 b5 16. Qe4 Bf5 17. Qh4 Bf6 18. Bg5 Qb6 19. Rd1 e6 20. Nd4 Bg7 21. Nd2
e5 22. Nxf5 Rxf5 23. Nf3 Nf4 24. Bd8 Qc6 25. Ba5 Nxg2 26. Kxg2 Qxf3+ 27. Kf1
Raf8 28. Bb6 Rf4 29. Qg3 Qe4 30. Qd3 Qh1+ 31. Ke2 Qxh2 32. Qd5+ R4f7 33. Rh1
Qf4 34. Rag1 Rb8 35. Bc5 Qc4+ 36. Qxc4 bxc4 37. Ba3 Bf8 38. Bxf8 Rxb2+ 39. Ke3
Rxf8 40. Ke4 Rxa2 41. Kxe5 Rfxf2 42. Rg4 Rf5+ 43. Kd6 Ra4 44. Rb1 Kg7 45. Rh4
h5 46. Ke6 Rf6+ 47. Ke7 Rf3 48. Ke6 Rxc3 49. Rb7+ Kh6 50. Rf4 Kg5 51. Rf1 Raa3
52. Ke5 Rf3 53. Rg1+ Rg3 54. Rc1 Rae3+ 55. Kd4 c3 56. Rc7 Ref3 57. Rc6 Rf6 58.
Rc5+ Rf5 0-1

[Event "4NCL Northern Crewe"]
[Site ", "]
[Date "2011.01.16"]
[Round "4"]
[White "Kane, Brendan D"]
[Black "Corcoran, Gary"]
[Result "0-1"]
[WhiteElo "2010"]
[BlackElo "1868"]
[PlyCount "46"]
[EventDate "2011.??.??"]

1. e4 c5 2. d4 cxd4 3. c3 dxc3 4. Nxc3 Nc6 5. Nf3 d6 6. Bc4 e6 7. O-O Nf6 8. e5
dxe5 9. Qxd8+ Kxd8 10. Ng5 Ke7 11. b3 a6 12. Rd1 b5 13. Bxb5 axb5 14. Nxb5 Nd5
15. Ba3+ Kf6 16. Ne4+ Kg6 17. Bb2 Ba6 18. a4 Bb4 19. Rac1 Bxb5 20. axb5 Nd4 21.
Bxd4 exd4 22. Rxd4 Rab8 23. Ng3 f5 0-1

[Event "4NCL Northern Crewe"]
[Site ", "]
[Date "2011.01.16"]
[Round "4"]
[White "Connor, Michael I"]
[Black "Edwards, Simon R"]
[Result "0-1"]
[WhiteElo "1858"]
[BlackElo "2007"]
[PlyCount "56"]
[EventDate "2011.??.??"]

1. d4 f5 2. g4 fxg4 3. h3 d6 4. e4 Nf6 5. Nc3 Nc6 6. Bg5 gxh3 7. Bxf6 exf6 8.
Bxh3 Bxh3 9. Nxh3 Qd7 10. Nf4 Qf7 11. d5 Nd8 12. Qg4 g5 13. Ne6 h5 14. Qf5 c6
15. O-O-O Rh6 16. f4 Nxe6 17. dxe6 Qh7 18. fxg5 Qxf5 19. exf5 fxg5 20. Ne4 g4
21. Nxd6+ Bxd6 22. Rxd6 Rd8 23. Rxd8+ {(=)} Kxd8 24. Kd2 g3 25. Ke3 Ke7 26. Kf4
h4 27. Kg4 g2 28. Rg1 h3 0-1

[Event "4NCL Northern Crewe"]
[Site ", "]
[Date "2011.01.16"]
[Round "4"]
[White "Edwards-Wright, Miles D"]
[Black "Hawkins, James N H"]
[Result "1/2-1/2"]
[WhiteElo "1946"]
[BlackElo "1987"]
[PlyCount "30"]
[EventDate "2011.??.??"]

1. e4 e5 2. Bc4 Nf6 3. d4 exd4 4. Nf3 Nc6 5. O-O Nxe4 6. Re1 d5 7. Bxd5 Qxd5 8.
Nc3 Qh5 9. Nxe4 Be6 10. Bg5 Bd6 11. Nxd6+ cxd6 12. Bf4 O-O 13. Nxd4 Qxd1 14.
Raxd1 Nxd4 15. Rxd4 d5 1/2-1/2

[Event "4NCL Northern Crewe"]
[Site ", "]
[Date "2011.01.16"]
[Round "4"]
[White "Pardoe, David"]
[Black "Whitfield, Craig M"]
[Result "0-1"]
[WhiteElo "1898"]
[BlackElo "1968"]
[PlyCount "98"]
[EventDate "2011.??.??"]

1. d4 Nf6 2. c4 g6 3. Nc3 Bg7 4. e4 d6 5. Be2 O-O 6. Be3 c6 7. g4 Qa5 8. Kf1 a6
9. h4 e5 10. d5 Ne8 11. h5 f5 12. hxg6 hxg6 13. gxf5 gxf5 14. Qb3 b5 15. dxc6
Be6 16. Nd5 Nxc6 17. cxb5 axb5 18. Qxb5 fxe4 19. Qxa5 Rxa5 20. Nc3 d5 21. Bh6
Nd4 22. Rc1 Nd6 23. Bxg7 Kxg7 24. Ke1 Rb8 25. Rb1 Nxe2 26. Ngxe2 d4 27. Nd1
Rxa2 28. Rh5 Nf7 29. Ng3 Bg4 30. Rh4 Bxd1 31. Kxd1 Raxb2 32. Rxb2 Rxb2 33. Nxe4
Nh6 34. Rh5 Nf7 35. Rf5 Kg6 36. Rf6+ Kg7 37. Rf5 Rb3 38. Kd2 Ra3 39. Ke2 Ra6
40. f4 Kg6 41. Rxf7 Kxf7 42. fxe5 Ra3 43. Ng5+ Kg6 44. Nf3 Re3+ 45. Kf2 Re4 46.
Kg3 Kf5 47. e6 Kxe6 48. Ng5+ Kf5 49. Nxe4 Kxe4 0-1

[Event "4NCL Northern Crewe"]
[Site ", "]
[Date "2011.01.16"]
[Round "4"]
[White "Patrick, David A"]
[Black "Gorman, John A"]
[Result "1-0"]
[WhiteElo "1961"]
[BlackElo "1942"]
[PlyCount "71"]
[EventDate "2011.??.??"]

1. e4 c5 2. c3 d5 3. exd5 Qxd5 4. Nf3 Nc6 5. d4 Nf6 6. Na3 Bg4 7. Be2 O-O-O 8.
Be3 e6 9. Qa4 cxd4 10. cxd4 Bb4+ 11. Kf1 Bxa3 12. Qxa3 Kb8 13. Rc1 Qa5 14. Qxa5
Nxa5 15. Ne5 Bxe2+ 16. Kxe2 Rhf8 17. b4 Nc6 18. Nxc6+ bxc6 19. Rxc6 Nd5 20. a3
Rc8 21. Rhc1 Rxc6 22. Rxc6 Kb7 23. Rc5 Rd8 24. Kd3 Rd6 25. Kc4 Ra6 26. Kb3 Rb6
27. Bd2 Rd6 28. Be3 Rb6 29. g3 Rd6 30. b5 a6 31. a4 Rb6 32. Kc4 Rd6 33. a5
axb5+ 34. Kxb5 Nc7+ 35. Rxc7+ Kxc7 36. Bf4 1-0

[Event "4NCL Northern Crewe"]
[Site ", "]
[Date "2011.01.16"]
[Round "4"]
[White "Jones, Steven"]
[Black "Frith, Robert J"]
[Result "0-1"]
[WhiteElo "1829"]
[BlackElo "1938"]
[PlyCount "111"]
[EventDate "2011.??.??"]

1. Nf3 d6 2. d4 Nf6 3. Nc3 Bg4 4. e4 Nbd7 5. h3 Bxf3 6. Qxf3 e5 7. Be3 Be7 8.
d5 O-O 9. Bc4 Nb6 10. Bb3 c5 11. Qe2 Ne8 12. a4 a6 13. a5 Nd7 14. Qg4 g6 15.
O-O Ng7 16. Bh6 Nf6 17. Qf3 Kh8 18. Qe3 Ng8 19. Bxg7+ Kxg7 20. f4 exf4 21. Qxf4
Bf6 22. Nd1 Be5 23. Qf3 Nf6 24. c3 b5 25. Ne3 Ra7 26. g4 c4 27. Bc2 Nd7 28. Ng2
Nc5 29. Rf2 Nb7 30. Qe3 Ra8 31. Nf4 Nxa5 32. Raf1 Qc7 33. h4 Nb3 34. Bxb3 cxb3
35. Nd3 a5 36. Nxe5 dxe5 37. Qg5 Ra6 38. h5 h6 39. Qe3 g5 40. Qd3 Qc4 41. Qg3
Qxe4 42. Rf5 f6 43. R5f3 Qxd5 44. Rd3 Qc5+ 45. Kh1 Rd6 46. Rfd1 Rxd3 47. Qxd3
Qc6+ 48. Kg1 e4 49. Qd7+ Qxd7 50. Rxd7+ Rf7 51. Rd5 Rb7 52. Kf2 b4 53. c4 a4
54. Ke3 a3 55. Kxe4 Re7+ 56. Kd3 0-1

[Event "4NCL Northern Crewe"]
[Site ", "]
[Date "2011.01.16"]
[Round "4"]
[White "Stuttard, David"]
[Black "Cowan, Richard M"]
[Result "1-0"]
[WhiteElo "1922"]
[BlackElo "1897"]
[PlyCount "99"]
[EventDate "2011.??.??"]

1. e4 c6 2. d4 d5 3. exd5 cxd5 4. c4 Nf6 5. Nc3 e6 6. Bf4 Nc6 7. Nf3 Bb4 8. Rc1
Qa5 9. Qb3 O-O 10. Bd3 dxc4 11. Qxc4 Nd5 12. Bg5 e5 13. O-O Nb6 14. Qb5 exd4
15. Ne4 a6 16. Qxa5 Bxa5 17. Rc5 Bb4 18. Rxc6 bxc6 19. a3 h6 20. Bf6 Nd5 21.
Bxd4 Be7 22. Rc1 Nf4 23. Bf1 Bf5 24. Ng3 Bd7 25. Ne5 Rfd8 26. Bb6 Bf6 27. Bxd8
Bxe5 28. Ba5 Bxb2 29. Rc4 Nd5 30. a4 Be5 31. Ne4 Bf5 32. Nc5 Bd6 33. Nb7 Be7
34. Rxc6 Bd7 35. Rc4 Ra7 36. Nc5 Be8 37. Bd3 Bxc5 38. Rxc5 Nf4 39. Bc2 Re7 40.
Rc8 Ne2+ 41. Kf1 Nd4 42. Bb4 Re6 43. Bd3 g6 44. Bc4 Re4 45. Bxa6 Kh7 46. Bd3
Re6 47. Bc3 Nf5 48. a5 Nd6 49. Rb8 Bc6 50. Rh8# 1-0

[Event "4NCL Northern Crewe"]
[Site ", "]
[Date "2011.01.16"]
[Round "4"]
[White "Flint, Martina"]
[Black "Driscoll, Mike"]
[Result "1/2-1/2"]
[WhiteElo "1906"]
[BlackElo "1914"]
[PlyCount "68"]
[EventDate "2011.??.??"]

1. f4 c5 2. g3 d5 3. Bg2 Nf6 4. d3 g6 5. c3 Bg7 6. Nf3 O-O 7. O-O Nc6 8. Qc2
Bg4 9. e4 Bxf3 10. Bxf3 e6 11. g4 h6 12. Be3 b6 13. Na3 Rc8 14. e5 Nh7 15. Qg2
a6 16. Bf2 Qd7 17. Rad1 Rc7 18. Nc2 Ne7 19. d4 Kh8 20. Ne3 Rg8 21. Kh1 cxd4 22.
Rxd4 b5 23. Nc2 Rc4 24. Rfd1 Rxd4 25. Nxd4 Qc7 26. Qf1 Qc4 27. a3 Qxf1+ 28.
Rxf1 Rb8 29. Be2 Kg8 30. Nb3 g5 31. Bc5 Re8 32. Bd6 gxf4 33. Rxf4 Ng6 34. Rf2
Bxe5 1/2-1/2

[Event "4NCL Northern Crewe"]
[Site ", "]
[Date "2011.01.16"]
[Round "4"]
[White "Mort, Andrew J"]
[Black "Anderson, Paul W"]
[Result "1-0"]
[WhiteElo "1914"]
[BlackElo "1834"]
[PlyCount "61"]
[EventDate "2011.??.??"]

1. c4 g6 2. Nc3 Bg7 3. e4 Nc6 4. g3 d6 5. Bg2 e5 6. d3 Nge7 7. Nge2 O-O 8. O-O
f5 9. Be3 Nd4 10. f4 fxe4 11. dxe4 Nxe2+ 12. Qxe2 exf4 13. gxf4 Nc6 14. Rad1
Qe8 15. c5 dxc5 16. Bxc5 Rf7 17. e5 Be6 18. Qb5 Rb8 19. Ne4 a6 20. Qa4 Rd8 21.
Rxd8 Qxd8 22. Ng5 Re7 23. Bxe7 Qxe7 24. Nxe6 Qxe6 25. Rd1 Qg4 26. Qb3+ Kf8 27.
Kh1 Qc8 28. Bh3 Qe8 29. Qxb7 Nxe5 30. fxe5 Qxe5 31. Qf3+ {Black lost on time}
1-0

[Event "4NCL Northern Crewe"]
[Site ", "]
[Date "2011.01.16"]
[Round "4"]
[White "Mounce, Richard B"]
[Black "Robertson, David J"]
[Result "1/2-1/2"]
[WhiteElo "1914"]
[BlackElo "1885"]
[PlyCount "93"]
[EventDate "2011.??.??"]

1. e4 c5 2. Nf3 d6 3. d4 cxd4 4. Nxd4 Nf6 5. Nc3 a6 6. Bg5 e6 7. f4 Be7 8. Qf3
Qc7 9. O-O-O Nbd7 10. g4 b5 11. Bxf6 Nxf6 12. g5 Nd7 13. f5 Nc5 14. f6 gxf6 15.
gxf6 Bf8 16. Rg1 b4 17. Nd5 exd5 18. exd5 Nd7 19. Ne6 Qb6 20. Rg7 Ne5 21. Qh5
Ra7 22. Bh3 Bxe6 23. dxe6 Qe3+ 24. Kb1 Qf3 25. exf7+ Rxf7 26. Bd7+ Kd8 27. Qxf3
Nxf3 28. Rxf7 Ne5 29. Rxf8+ Rxf8 30. Be6 Rxf6 31. Bd5 Kc7 32. b3 {(=)} Rf2 33.
Rh1 Ng4 34. Be4 Nxh2 35. Bxh7 Rf1+ {(=)} 36. Rxf1 Nxf1 37. Bd3 Ne3 38. Bxa6 Kb6
39. Bd3 Nd5 40. Kb2 Kc5 41. a3 bxa3+ 42. Kxa3 Nb4 43. Bg6 d5 44. c3 Nc6 45. Bd3
Kb6 46. Ka4 d4 47. cxd4 1/2-1/2

[Event "4NCL Northern Crewe"]
[Site ", "]
[Date "2011.01.16"]
[Round "4"]
[White "Dam, Sebastian"]
[Black "Dean, Robert A"]
[Result "1/2-1/2"]
[WhiteElo "1874"]
[BlackElo "1882"]
[PlyCount "61"]
[EventDate "2011.??.??"]

1. e4 e6 2. d4 d5 3. exd5 exd5 4. Nf3 Bg4 5. Be2 Nc6 6. O-O Qd7 7. Bf4 Bd6 8.
Bxd6 Qxd6 9. Re1 O-O-O 10. c3 f6 11. Nbd2 Nge7 12. a4 g5 13. b4 h5 14. a5 h4
15. h3 Bf5 16. b5 Nb8 17. Nh2 Be6 18. Nb3 b6 19. axb6 axb6 20. Ra8 f5 21. Nf3
g4 22. hxg4 h3 23. Ne5 hxg2 24. Qa1 Rdf8 25. Qa6+ Kd8 26. Rxb8+ Bc8 27. Kxg2
Qh6 28. Nc6+ Kd7 29. Ne5+ Kd8 30. Nc6+ Kd7 31. Ne5+ 1/2-1/2

[Event "4NCL Northern Crewe"]
[Site ", "]
[Date "2011.01.16"]
[Round "4"]
[White "Hackner, Oskar A"]
[Black "Chandler, Gerard"]
[Result "1-0"]
[WhiteElo "1778"]
[BlackElo "1842"]
[PlyCount "57"]
[EventDate "2011.??.??"]

1. d4 Nf6 2. c4 e6 3. Nc3 Bb4 4. Qc2 b6 5. a3 Bxc3+ 6. Qxc3 Ne4 7. Qc2 Bb7 8.
Bf4 f5 9. f3 Nf6 10. Nh3 O-O 11. Bd2 d6 12. Bc3 d5 13. e3 Nbd7 14. Nf4 Qe7 15.
Bd3 c5 16. O-O Rac8 17. Qe2 dxc4 18. Bxc4 Nd5 19. Bd2 N7f6 20. Rfe1 Kh8 21.
Rac1 Rfe8 22. Nd3 Qd6 23. e4 fxe4 24. fxe4 cxd4 25. Bb5 Rxc1 26. Bxc1 Rd8 27.
exd5 Qxd5 28. Nf4 Qc5 29. Qc4 1-0